000 00805cam a2200205 4500
001 WB3604-16
008 000000n2000 000 0 eng u
035 _a(Sirsi) u103769
245 _aSelling homes an easier way
260 _c2000
490 _aSunday Business
_v 23 January 2000, 16(1)
520 _aA website Easier.co.uk to be launched next month will offer a free service to buyers and sellers of residential property. The site will make its money by charging an introduction fee to corporate partners allowing them to sell to those who have agreed to make their details available.
590 _aWB
650 _aE-COMMERCE
650 _aESTATE AGENTS
650 _aINTERNET
650 _aHOMEBUYERS
690 _aPROPERTY-RESIDENTIAL PROPERTY-RESIDENTIAL PROPERTY MARKET
942 _n0
999 _c62316
_d62316